000 00674nam a2200121Ia 4500
008 220615s9999||||xx |||||||||||||| ||und||
100 _aFuchs, Christian
245 4 _aThe Online Advertising Tax as the Foundation of a Public Service Internet
546 _aEnglish[eng]
650 _aGoogle||Facebook||online advertising||tax avoidance||media industries||public service internet||Multinational corporation||Social media
856 _uhttps://library.oapen.org/bitstream/20.500.12657/29711/1/UWP-023-fuchs.pdf||https://library.oapen.org/bitstream/20.500.12657/29711/1/UWP-023-fuchs.pdf||https://library.oapen.org/bitstream/20.500.12657/29711/1/UWP-023-fuchs.pdf
942 _cEB
999 _c10725
_d10725